Score 0/23 Timer 03:00
1 Play Today
Clue Dis Word % Correct
Mickey Mouse creatorDisney
95.9%
Malaria or measlesDisease
95.6%
Find (something or someone)Discover
95.3%
Conceal one's identityDisguise
94.7%
Express a different opinionDisagree
93.8%
Cut the limbs offDismember
88.8%
Fail to follow an orderDisobey
86.6%
Refuse to accept as trueDisbelieve
86.5%
Haughty contemptDisdain
85%
Spoil the attractiveness ofDisfigure
82.3%
Unfaithful - treacherousDisloyal
77.3%
Lacking a coherent sequenceDisjointed
75.5%
Clue Dis Word % Correct
Spread out over a wide areaDisperse
71.9%
Destroy the tranquility ofDisturb
69.7%
Bring shame or disgrace onDishonor
68.1%
Written essay, treatise, or thesisDissertation
66.7%
Regard as of little or no worthDisvalue
60.4%
Feeling of anxiety or worryDisquiet
58.2%
Small plastic magnetic diskDiskette
50.7%
Not candid or sincereDisingenuous
38.9%
British Prime minister 1874–80Disraeli
37.7%
Disagreement within a groupDisunity
33.1%
Consisting of two distinct soundsDisyllabic
8.9%

You're not logged in!

Compare scores with friends on all Sporcle quizzes.
OR
Log In

Sporcle TV

Today on Sporcle TV


Watch our educational content, quiz creation guides, and fun videos on Sporcle TV.

Show Comments

Extras

Top Quizzes Today


Score Distribution

Paid Content

Your Account Isn't Verified!

In order to create a playlist on Sporcle, you need to verify the email address you used during registration. Go to your Sporcle Settings to finish the process.

Report this User

Report this user for behavior that violates our Community Guidelines.

Details: